| 000 | 01983nam a2200577 i 4500 | ||
|---|---|---|---|
| 001 | 991053143425805066 | ||
| 003 | NyNyJPI | ||
| 005 | 20260414180807.0 | ||
| 008 | 240301s2024 pl cho |000 fbpol c | ||
| 009 | b1000003129142 | ||
| 020 |
_a9788367915533 _q(oprawa miękka) : _czł 59,99 |
||
| 035 | _a(PL)b1000003129142 | ||
| 035 | _a(EXLNZ-48OMNIS_NETWORK)9913917132505606 | ||
| 040 |
_aLUBL M _cLUBL M _dLUBL M _dMBPG _dMBPWR _dKIEL W _dKOSZ W _dWR M _dWR O _dZDU_1 _dELBLAG M _dKR U _dOP 002 _dŁ M _dOLSZT 003 _dPOZN M _dMBPB _dWA N |
||
| 045 | 2 |
_bd1942 _bd2006 |
|
| 046 | _k2024 | ||
| 080 | _a821.162.1-312.6 | ||
| 084 | _a04 | ||
| 100 | 1 |
_aHarasimowicz, Cezary _d(1955- ) _eAutor |
|
| 245 | 1 | 0 |
_aBieta / _cCezary Harasimowicz. |
| 250 | _aWydanie pierwsze. | ||
| 260 |
_aWarszawa : _bLira Wydawnictwo, _c2024. |
||
| 300 |
_a351, [16] stron : _bfaksymilia, fotografie, portrety ; _c20 cm. |
||
| 336 |
_aTekst _btxt _2rdacontent |
||
| 337 |
_aBez urządzenia pośredniczącego _bn _2rdamedia |
||
| 338 |
_aWolumin _bnc _2rdacarrier |
||
| 380 | _aKsiążki | ||
| 380 | _aProza | ||
| 386 |
_mPrzynależność kulturowa _aLiteratura polska |
||
| 388 | 1 | _a2001- | |
| 500 | _aNa okładce: powieść o życiu Elżbiety Ficowskiej, cudownie ocalonej z getta. | ||
| 600 | 1 | 7 |
_aFicowska, Elżbieta _d(1942- ) _2DBN |
| 648 | 7 |
_a1901-2000 _2DBN |
|
| 648 | 7 |
_a1939-1945 _2DBN |
|
| 648 | 7 |
_a1945-1989 _2DBN |
|
| 648 | 7 |
_a1989-2000 _2DBN |
|
| 648 | 7 |
_a2001- _2DBN |
|
| 650 | 7 |
_aII wojna światowa (1939-1945) _2DBN |
|
| 650 | 7 |
_aDzieci _2DBN |
|
| 650 | 7 |
_aGetto warszawskie _2DBN |
|
| 650 | 7 |
_aOcaleni z Holokaustu _2DBN |
|
| 650 | 7 |
_aPRL _2DBN |
|
| 650 | 7 |
_aRatowanie Żydów i pomoc Żydom (1939-1945) _2DBN |
|
| 650 | 7 |
_aUkrywanie się Żydów (1939-1945) _2DBN |
|
| 650 | 7 |
_aŻydzi _2DBN |
|
| 651 | 7 |
_aPolska _2DBN |
|
| 651 | 7 |
_aWarszawa (woj. mazowieckie) _2DBN |
|
| 655 | 7 |
_aPowieść biograficzna _2DBN |
|
| 710 | 2 |
_aLira Wydawnictwo _eWydawca _4pbl |
|
| 942 |
_2z _cBK _n0 |
||
| 999 |
_c91120 _d91120 |
||